000 00348cam a2200145 4500
008 040913n2005 000 0 eng u
020 _a140510225X
035 _a(Sirsi) u127353
100 _aByrne, P.
245 _aReal estate investment
260 _aBlackwells
_c2005
350 _a42.50
520 _aDue for publication 2005
942 _n0
999 _c103752
_d103752